| 000 | 00496nam a2200169Ia 4500 | ||
|---|---|---|---|
| 999 |
_c12438 _d12438 |
||
| 003 | OSt | ||
| 005 | 20201016111042.0 | ||
| 008 | 190216s9999||||xx |||||||||||||| ||und|| | ||
| 040 | _coclc | ||
| 082 |
_a822.33 _bWIL/O |
||
| 100 |
_aWilson, John Dover _94919 |
||
| 245 | 0 |
_aOthello: The Work Of Shakespeare / _cJohn Dover Wilson |
|
| 260 |
_bCambridge Uty Press, _c1969. _aNew york: |
||
| 300 | _a246p | ||
| 650 | _aEnglish | ||
| 942 |
_cBK _2ddc _h822.33 _iWIL/O _k822.33 _mWIL/O |
||